A lesson in possession (Record no. 84790)
[ view plain ]
| 000 -LEADER | |
|---|---|
| fixed length control field | 00776cab a22001935a 4500 |
| 001 - CONTROL NUMBER | |
| control field | L159069 |
| 008 - FIXED-LENGTH DATA ELEMENTS--GENERAL INFORMATION | |
| fixed length control field | 160106e20150512xxk 000 0 eng d |
| 035 ## - SYSTEM CONTROL NUMBER | |
| System control number | (Sirsi) u159069 |
| 041 0# - LANGUAGE CODE | |
| Language code of text/sound track or separate title | eng |
| 100 1# - MAIN ENTRY--PERSONAL NAME | |
| Personal name | Tonkin, Paul |
| 245 02 - TITLE STATEMENT | |
| Title | A lesson in possession |
| 260 ## - PUBLICATION, DISTRIBUTION, ETC. | |
| Date of publication, distribution, etc. | 2015 |
| 490 ## - SERIES STATEMENT | |
| Series statement | Estates Gazette |
| Volume/sequential designation | (1548) 5 December 2015, 76-77(2) |
| 520 ## - SUMMARY, ETC. | |
| Summary, etc. | Considers strategies and problems involved in obtaining possession for redevelopment under the Landlord and Tenant Act 1954. Includes information about the required period of notice until the tenancy can be brought to an end and the steps a landlord must take to ensure the required works are properly carried out. |
| 590 ## - LOCAL NOTE (RLIN) | |
| Local note | KA |
| 651 #4 - SUBJECT ADDED ENTRY--GEOGRAPHIC NAME | |
| Geographic name | United Kingdom |
| 690 ## - LOCAL SUBJECT ADDED ENTRY--TOPICAL TERM (OCLC, RLIN) | |
| Topical term or geographic name as entry element | Landlord and tenant |
| 9 (RLIN) | 6252 |
| 942 ## - ADDED ENTRY ELEMENTS (KOHA) | |
| Suppress in OPAC | 0 |
| Withdrawn status | Lost status | Source of classification or shelving scheme | Damaged status | Not for loan | Home library | Current library | Shelving location | Date acquired | Total Checkouts | Full call number | Barcode | Date last seen | Copy number | Price effective from | Koha item type |
|---|---|---|---|---|---|---|---|---|---|---|---|---|---|---|---|
| Dewey Decimal Classification | London | London | Journal article | 06/01/2016 | L159069 | 159069-1001 | 06/08/2019 | 1 | 06/08/2019 | Journal article |